01457nam a2200325 a 4500001001000000003000500010005001700015008004100032010001100073011001100084040000900095090001000104100003800114245012700152260004100279500006000320502010400380502006100484590004000545590004000585650007500625650005300700856007000753901000700823942001000830942000600840999001900846952013100865952013500996000113191CHAP20220329144343.0170512s2016 mx sm |||||||spa d a109652 a110624 cCHAP aTesis1 aJaimes Rodríguez, Jorge912668110aModelación hidrológica de la Cuenca del Río Yautepec, Morelos, Méxicoh[En línea]cpor Jorge Jaimes Rodríguez. aChapingo, Méx. :bEl autor,c2016. aPara ver el contenido del material haga clic en la liga aTesis (M. en Ingeniería Agrícola y Uso Integral del Agua) -- UACH. Departamento de Irrigación aUACH. Departamento de Ingeniería Mecánica Agrícola aE5765TAJb05c20170512lUCH01h1134 aE5765TAJb05c20170512lUCH01h113514aCuencas hidrológicasxEscurrimientosxModelos matemáticos.913217614aCuencas hidrológicasxSedimentación.9132177 aFinding aiduhttp://10.13.5.2/tesis/sist113191.pdfzTeclea aquí aBK cTESIS n0 c109652d109652 00104054718TESISaBCbBCd2017-05-12fTESISl0oTesisp113193-10r2019-12-31 00:00:00w2019-12-31yTESISzRecien adquirido 00102local4053708TESISaBCbBCcPA_TESISd2017-05-12fTESISl0oTesisp113193-20r2019-12-31 00:00:00tc.2w2019-12-31yTESIS